[Event "GER OS-368 email"]
[Site "GER email"]
[Date "2019.03.08"]
[Round "?"]
[White "Buchmann, Hans Peter"]
[Black "Kunze, Juergen"]
[Result "0-1"]
[WhiteElo "1616"]
[BlackElo "1980"]
[PlyCount "52"]
[EventDate "2019.03.17"]
[EventType "tourn (corr)"]
[EventRounds "6"]
[EventCountry "GER"]
[SourceTitle "Corr 2022"]
[Source "ChessBase"]
[SourceDate "2021.10.24"]
[SourceVersion "1"]
[SourceVersionDate "2021.10.24"]
[SourceQuality "1"]

1. e4 c5 2. Nf3 d6 3. Bb5+ Bd7 4. Bxd7+ Qxd7 5. c4 Nc6 6. Nc3 g6 7. d4 cxd4 8. Nxd4 Bg7 9. Nde2 Nf6 10. 0-0 0-0 11. f3 a6 12. Bg5 Ne5 13. b3 b5 14. cxb5 axb5 15. Rf2 Qb7 16. Nd4 b4 17. Bxf6 Bxf6 18. Nd5 Bg7 19. Qd2 Rfb8 20. Rd1 e6 21. Ne3 Rc8 22. Ne2 Ra6 23. f4 Nd7 24. Nc4 Bf8 25. Nxd6 Rxd6 26. Qxd6 Bxd6 0-1

[Event "GER OS-367 email"]
[Site "GER email"]
[Date "2019.02.22"]
[Round "?"]
[White "Binder, Andreas"]
[Black "Buchmann, Hans Peter"]
[Result "1-0"]
[WhiteElo "1832"]
[BlackElo "1655"]
[PlyCount "119"]
[EventDate "2019.03.02"]
[EventType "tourn (corr)"]
[EventRounds "6"]
[EventCountry "GER"]
[SourceTitle "Corr 2022"]
[Source "ChessBase"]
[SourceDate "2021.10.24"]
[SourceVersion "1"]
[SourceVersionDate "2021.10.24"]
[SourceQuality "1"]

1. d4 d5 2. c4 dxc4 3. Nf3 Nf6 4. e3 e6 5. Bxc4 a6 6. 0-0 c5 7. b3 Nbd7 8. Bb2 Be7 9. Nbd2 b6 10. Qe2 Bb7 11. Rfd1 0-0 12. Bd3 Re8 13. Ne5 g6 14. dxc5 Nxe5 15. Bxe5 Bxc5 16. Ne4 Nxe4 17. Bxe4 Qe7 18. Bf6 Qc7 19. Qf3 Bxe4 20. Qxe4 Ba3 21. Qa4 Qc5 22. Bd4 Qa5 23. Bxb6 Qxa4 24. bxa4 Rec8 25. a5 Kg7 26. Rd7 e5 27. Rad1 Kf6 28. f4 Rc2 29. fxe5+ Ke6 30. Rb7 Rac8 31. Ra7 R8c6 32. Rf1 Kxe5 33. Rxa6 Bc5 34. Ra8 Bxb6 35. Re8+ Kd5 36. Rd1+ Kc5 37. Re5+ Kc4 38. axb6 Rxb6 39. Re7 Rxa2 40. Rc7+ Kb3 41. Rb1+ Rb2 42. Rxb2+ Kxb2 43. Rxf7 h5 44. Kf2 Kc3 45. h4 Kc4 46. Rd7 Rf6+ 47. Ke2 Rf5 48. g3 Re5 49. Kf3 Rf5+ 50. Ke4 Rf6 51. Rc7+ Kb5 52. Kd4 Rf3 53. Rc5+ Kb6 54. Rg5 Rf6 55. e4 Kc6 56. Ra5 Kd7 57. Ra7+ Ke8 58. Ke3 Rb6 59. e5 Re6 60. Kf4 1-0

[Event "GER OS-367 email"]
[Site "GER email"]
[Date "2019.02.22"]
[Round "?"]
[White "Buchmann, Hans Peter"]
[Black "Hagedorn, Peter"]
[Result "0-1"]
[WhiteElo "1655"]
[BlackElo "2060"]
[PlyCount "98"]
[EventDate "2019.03.02"]
[EventType "tourn (corr)"]
[EventRounds "6"]
[EventCountry "GER"]
[SourceTitle "Corr 2022"]
[Source "ChessBase"]
[SourceDate "2021.10.24"]
[SourceVersion "1"]
[SourceVersionDate "2021.10.24"]
[SourceQuality "1"]

1. e4 e5 2. Nf3 Nf6 3. Nxe5 d6 4. Nf3 Nxe4 5. d4 d5 6. Bd3 Nc6 7. 0-0 Be7 8. Re1 Bg4 9. c4 Nf6 10. Nc3 Bxf3 11. Qxf3 Nxd4 12. Qg3 dxc4 13. Bxc4 0-0 14. Bg5 Bd6 15. Qd3 Ne6 16. Bh4 Nf4 17. Qd1 Ng6 18. Bxf6 Qxf6 19. Ne4 Qe5 20. Nxd6 Qxd6 21. Qa4 Qf6 22. Qb3 b6 23. Re3 Ne5 24. Bd5 Rad8 25. Rae1 Nc6 26. Bxc6 Qxc6 27. Re7 Rde8 28. h3 Rxe7 29. Rxe7 Qd6 30. Qe3 g6 31. Re4 Qf6 32. Qe2 a5 33. g3 Rd8 34. b3 Rd5 35. Re7 Rc5 36. Kh2 h5 37. Rd7 b5 38. Kg1 Rc1+ 39. Kh2 b4 40. Rd2 h4 41. Qe4 hxg3+ 42. fxg3 c5 43. Re2 a4 44. bxa4 c4 45. h4 b3 46. axb3 cxb3 47. Qg2 Qc3 48. a5 Qxa5 49. Qb7 Qf5 0-1

[Event "GER OS-367 email"]
[Site "GER email"]
[Date "2019.02.22"]
[Round "?"]
[White "Frey, Oswald"]
[Black "Buchmann, Hans Peter"]
[Result "0-1"]
[WhiteElo "1280"]
[BlackElo "1655"]
[PlyCount "37"]
[EventDate "2019.03.02"]
[EventType "tourn (corr)"]
[EventRounds "6"]
[EventCountry "GER"]
[SourceTitle "Corr 2022"]
[Source "ChessBase"]
[SourceDate "2021.10.24"]
[SourceVersion "1"]
[SourceVersionDate "2021.10.24"]
[SourceQuality "1"]

1. e4 c5 2. Nc3 e6 3. Bb5 a6 4. Ba4 b5 5. Bxb5 axb5 6. Nxb5 Qa5 7. Nc3 Nf6 8. d3 Nc6 9. Bg5 Rb8 10. Bxf6 gxf6 11. Rb1 Rxb2 12. Nge2 Rb4 13. 0-0 Rg8 14. Re1 Bd6 15. f4 Rxb1 16. Qxb1 Ba6 17. a4 Ke7 18. Qa2 Bxf4 19. Nxf4 0-1

[Event "GER OS-305 email"]
[Site "GER email"]
[Date "2016.11.24"]
[Round "?"]
[White "Buchmann, Hans Peter"]
[Black "Drescher, Andreas"]
[Result "1-0"]
[WhiteElo "1611"]
[BlackElo "1532"]
[PlyCount "81"]
[EventDate "2016.11.28"]
[EventType "tourn (corr)"]
[EventRounds "6"]
[EventCountry "GER"]
[SourceTitle "Corr 2020"]
[Source "ChessBase"]
[SourceDate "2019.09.30"]
[SourceVersion "1"]
[SourceVersionDate "2019.09.30"]
[SourceQuality "1"]

1. e4 c5 2. Nf3 Nc6 3. d4 cxd4 4. Nxd4 e5 5. Nb5 Nf6 6. N1c3 d6 7. Bg5 a6 8. Na3 Be6 9. Nc4 h6 10. Bxf6 Qxf6 11. Bd3 Qd8 12. 0-0 Qh4 13. Nd5 Qd8 14. a4 Be7 15. c3 0-0 16. a5 g6 17. Be2 h5 18. Qa4 Rb8 19. Rfe1 b5 20. axb6 Rc8 21. Qxa6 Nb8 22. Qa8 Kg7 23. b7 Rc6 24. Qa7 f5 25. Ncb6 fxe4 26. Bb5 Bh4 27. Re2 Rc5 28. c4 Qg5 29. Qa3 Qg4 30. Rd2 Bg5 31. Ne3 Qh4 32. Na4 Nd7 33. Bxd7 Bxd7 34. Nxc5 dxc5 35. Rxd7+ Kg8 36. Qa8 Qxf2+ 37. Kh1 Qxb2 38. Rf1 Bf4 39. Nd5 h4 40. Nf6+ Kh8 41. Qxf8# 1-0

[Event "GER OS-305 email"]
[Site "GER email"]
[Date "2016.11.24"]
[Round "?"]
[White "Buchmann, Hans Peter"]
[Black "Preussner, Michael"]
[Result "1/2-1/2"]
[WhiteElo "1611"]
[BlackElo "1838"]
[PlyCount "63"]
[EventDate "2016.11.28"]
[EventType "tourn (corr)"]
[EventRounds "6"]
[EventCountry "GER"]
[SourceTitle "Corr 2020"]
[Source "ChessBase"]
[SourceDate "2019.09.30"]
[SourceVersion "1"]
[SourceVersionDate "2019.09.30"]
[SourceQuality "1"]

1. d4 d5 2. c4 dxc4 3. e3 Nf6 4. Bxc4 e6 5. Nf3 c5 6. Qe2 a6 7. 0-0 b5 8. Bb3 Bb7 9. Rd1 Nbd7 10. Nc3 Qc7 11. e4 cxd4 12. Nxd4 Bc5 13. Be3 0-0 14. Rac1 Qb6 15. Rc2 Rfd8 16. Rcd2 Ne5 17. h3 Rd7 18. Kh1 Re8 19. f3 h6 20. Qf2 Nc6 21. Nc2 Bxe3 22. Qxe3 Qxe3 23. Nxe3 Red8 24. Rxd7 Rxd7 25. Bc2 Kf8 26. a3 Rxd1+ 27. Bxd1 Ke7 28. Kh2 g5 29. b4 Nd7 30. h4 Nde5 31. Kh3 f6 32. Ne2 1/2-1/2

[Event "GER OS-305 email"]
[Site "GER email"]
[Date "2016.11.24"]
[Round "?"]
[White "Hofer, Siegfried"]
[Black "Buchmann, Hans Peter"]
[Result "1-0"]
[WhiteElo "1402"]
[BlackElo "1611"]
[PlyCount "63"]
[EventDate "2016.11.28"]
[EventType "tourn (corr)"]
[EventRounds "6"]
[EventCountry "GER"]
[SourceTitle "Corr 2020"]
[Source "ChessBase"]
[SourceDate "2019.09.30"]
[SourceVersion "1"]
[SourceVersionDate "2019.09.30"]
[SourceQuality "1"]

1. c4 c6 2. Nc3 Nf6 3. g3 e5 4. Bg2 Bc5 5. e3 0-0 6. Nge2 Bb6 7. 0-0 Qe7 8. d3 h6 9. a3 d6 10. b4 Bg4 11. b5 Rc8 12. a4 Ba5 13. Bb2 Nbd7 14. f3 Bf5 15. e4 Be6 16. f4 Nc5 17. f5 Bd7 18. Ba3 Rcb8 19. Rb1 a6 20. bxc6 bxc6 21. Qc2 Bb6 22. Kh1 Ng4 23. Nd1 Ba5 24. Bf3 Rxb1 25. Qxb1 Nf6 26. Ndc3 Qd8 27. g4 Nh7 28. Qc2 Qe7 29. Rb1 Qh4 30. Bxc5 dxc5 31. Ng1 Bb4 32. Nce2 1-0